000
00325nam a2200121Ia 4500
008
220204s9999 xx 000 0 und d
082
_a
621.3
_b
BEN;1
100
_a
James H
245
0
_a
Programmed review for electrical engineering
260
_a
New York
_b
Van Nostrand
_c
1978
650
_a
Electrical engineering
942
_c
BK
999
_c
29763
_d
29763